Mario Kart Characters that Appeared in One Game - Statistics

General Stats
  • This quiz has been taken 576 times
    83 since last reset
  • The average score is 15 of 20
Answer Stats
Game Character % Correct
Super Mario Kart Donkey Kong Jr.
89%
Mario Kart 8 Link
89%
Mario Kart DS R.O.B.
88%
Mario Kart 7 Honey Queen
83%
Mario Kart 8 Villager
83%
Mario Kart 8 Isabelle
82%
Mario Kart 8 Inkling
80%
Mario Kart 8 Ludwig
78%
Mario Kart 8 Iggy
75%
Mario Kart 8 Lemmy
75%
Mario Kart 8 Morton
75%
Mario Kart 8 Roy
74%
Mario Kart 8 Wendy
74%
Mario Kart 8 Larry
71%
Mario Kart: Double Dash Paratroopa
71%
Mario Kart 8 Pink Gold Peach
65%
Mario Kart 8 Cat Peach
63%
Mario Kart 8 Tanooki Mario
54%
Mario Kart 8 Peachette
52%
Mario Kart 8 Kamek
49%
No matching quizzes found
Score Distribution
Percent of People with Each Score
Percentile by Number Answered
Your Score History
You have not taken this quiz since the last reset